00472nam a22001577a 450000500170000001000150001702000260003203500140005803700130007208200080008510000220009324500590011526000350017427000780020930000270028720220907123302.0 aENG-134954 a9788183512060c154.00 aEN-118486 bDBAD/PUB a920 aKrishna, K.V.S.G. aWomen Who Inspired the World/cK.V.S.G. Murali Krishna aNew DelhibZen Educationc2012 a4787/23 Ansari Road, Darya GanjbNew Delhie110002mzen.educare@gmail.com axvii, 174p.c22cm(pbk)